[Event "XI Weekend C"]
[Site "Gorgonzola ITA"]
[Date "2006.11.19"]
[Round "5"]
[White "Ronconi, Fausto"]
[Black "Bruno, Riccardo"]
[Result "1/2-1/2"]
[WhiteElo "1730"]
[BlackElo "1586"]
[PlyCount "126"]
[EventDate "2006.11.11"]

1. d4 Nf6 2. c4 e6 3. a3 d5 4. Nc3 Nbd7 5. Bg5 Be7 6. Nf3 c5 7. dxc5 Nxc5 8. e3
O-O 9. Be2 b6 10. cxd5 Nxd5 11. Bxe7 Nxe7 12. b4 Nd7 13. O-O Bb7 14. Rc1 Nd5
15. Nb5 N7f6 16. Qc2 Rc8 17. Qb1 a6 18. Rxc8 Bxc8 19. Nbd4 Nc3 20. Qd3 Nxe2+
21. Qxe2 Bb7 22. Ne5 Qd6 23. Nc4 Qd5 24. f3 b5 25. Na5 Ba8 26. Rd1 Qh5 27. Nac6
Nd5 28. Qd3 g5 29. Ne5 Rc8 30. Ng4 Qg6 31. Qxg6+ hxg6 32. Kf2 Rc3 33. e4 Nc7
34. Ne2 Rc2 35. Rd7 f5 36. Nf6+ Kf8 37. e5 Bd5 38. Ke1 Bb3 39. Nd4 Rc1+ 40. Kd2
Rd1+ 41. Kc3 Nd5+ 42. Kxb3 Rxd4 43. Rd8+ Kf7 44. Rd7+ Kf8 45. Nh7+ Ke8 46. Rd6
Rd3+ 47. Kc2 Rxa3 48. Nxg5 Ra2+ 49. Kb3 Rxg2 50. Nxe6 Ne3 51. Rxa6 Rxh2 52.
Nc7+ Kd7 53. Nxb5 g5 54. Nd4 Rh4 55. Ra7+ Ke8 56. Kc3 Nd5+ 57. Kc4 Nxb4 58.
Kxb4 Rxd4+ 59. Kc5 Rd7 60. Ra6 Rd3 61. Rg6 Rxf3 62. Rxg5 Ke7 63. Kd4 Rf2
1/2-1/2

[Event "XI Weekend C"]
[Site "Gorgonzola ITA"]
[Date "2006.11.19"]
[Round "5"]
[White "Sbernini, Daniele"]
[Black "Gallo, Carlo"]
[Result "0-1"]
[WhiteElo "1596"]
[BlackElo "1748"]
[PlyCount "86"]
[EventDate "2006.11.11"]

1. e4 d6 2. d4 Nf6 3. Nc3 g6 4. Be3 Bg7 5. f4 c5 6. Nf3 cxd4 7. Bxd4 O-O 8. Bd3
Nc6 9. Be3 Ng4 10. Bd2 Qb6 11. Qe2 Nb4 12. h3 Nxd3+ 13. cxd3 Nf6 14. Be3 Qa5
15. O-O Nh5 16. Rfc1 e6 17. d4 Bd7 18. d5 Ng3 19. Qd3 Bxc3 20. Rxc3 Bb5 21. Ra3
Bxd3 22. Rxa5 Bxe4 23. dxe6 fxe6 24. Rxa7 Rxa7 25. Bxa7 Bxf3 26. Kf2 Bxg2 27.
Kxg3 Bd5 28. a3 Rc8 29. Rf1 Rc2 30. Rf2 Rc8 31. Bd4 Rf8 32. Bc3 h6 33. Bb4 Rd8
34. h4 Be4 35. Rd2 d5 36. Bc3 Kf7 37. Be5 Rc8 38. b4 Rc1 39. a4 Rg1+ 40. Kh2
Rg4 41. Kh3 Bf5 42. a5 Rxf4+ 43. Kg3 Rxb4 0-1

[Event "XI Weekend C"]
[Site "Gorgonzola ITA"]
[Date "2006.11.19"]
[Round "5"]
[White "Squillante, Michele"]
[Black "Corti, Filippo"]
[Result "1-0"]
[WhiteElo "1721"]
[BlackElo "1625"]
[PlyCount "51"]
[EventDate "2006.11.11"]

1. d4 Nf6 2. Nf3 g6 3. Bg5 d5 4. Nbd2 Bg7 5. e3 c6 6. Bd3 Nbd7 7. O-O O-O 8. c3
c5 9. Ne5 Nxe5 10. dxe5 Ng4 11. Nf3 Nxe5 12. Nxe5 Bxe5 13. Qe2 Qd6 14. f4 Bg7
15. Rad1 f5 16. e4 fxe4 17. Bxe4 d4 18. Bxe7 Qe6 19. Bxf8 Kxf8 20. a3 dxc3 21.
bxc3 Bxc3 22. Qf3 Bd4+ 23. Kh1 Rb8 24. f5 gxf5 25. Bxf5 Qxf5 26. Qg3 1-0

[Event "XI Weekend C"]
[Site "Gorgonzola ITA"]
[Date "2006.11.19"]
[Round "6"]
[White "Agustoni, Alessandro"]
[Black "Madaschi, Sergio"]
[Result "0-1"]
[WhiteElo "1506"]
[BlackElo "1568"]
[PlyCount "64"]
[EventDate "2006.11.11"]

1. e4 d6 2. d4 Nf6 3. Nc3 g6 4. h3 Bg7 5. Nf3 O-O 6. Be3 c6 7. Qd2 Re8 8. O-O-O
Nbd7 9. Bh6 Bh8 10. g4 b5 11. Be2 b4 12. Nb1 Nxe4 13. Qf4 d5 14. Ng5 Nef6 15.
h4 e5 16. dxe5 Nxe5 17. Rdg1 Qa5 18. a3 c5 19. h5 Rb8 20. hxg6 hxg6 21. Nh3
bxa3 22. Nxa3 Rb4 23. Qd2 Qb6 24. c3 Ra4 25. Kc2 Be6 26. Bb5 Rxa3 27. Bxe8 Qb3+
28. Kb1 Nxe8 29. Qd1 Qa2+ 30. Kc1 Rb3 31. Qc2 Nc4 32. Nf4 Rxb2 0-1

[Event "XI Weekend C"]
[Site "Gorgonzola ITA"]
[Date "2006.11.19"]
[Round "6"]
[White "Brighenti, Alessandro"]
[Black "Menato, Nazario"]
[Result "1-0"]
[WhiteElo "1588"]
[BlackElo "1544"]
[PlyCount "67"]
[EventDate "2006.11.11"]

1. e4 c5 2. Nc3 d6 3. g3 g6 4. Bg2 Bg7 5. d3 Nf6 6. f4 e6 7. Nf3 Nc6 8. O-O O-O
9. h3 Nh5 10. g4 Nf6 11. Ne2 h6 12. Ng3 Nh7 13. c3 f6 14. Nh4 Ne7 15. f5 Qe8
16. Qb3 Ng5 17. Ne2 Kh7 18. Nf4 exf5 19. exf5 gxf5 20. gxf5 Nxf5 21. Nhg6 Rg8
22. h4 Ne6 23. h5 Nxf4 24. Bxf4 Qe2 25. Bf3 Qxd3 26. Rad1 Qa6 27. Rfe1 Rb8 28.
Bg4 Bd7 29. Ne7 Ba4 30. Bxf5+ Kh8 31. Ng6+ Kh7 32. Ne7+ Kh8 33. Qf7 Bf8+ 34.
Qxg8# 1-0

[Event "XI Weekend C"]
[Site "Gorgonzola ITA"]
[Date "2006.11.19"]
[Round "6"]
[White "Calvi, Luca"]
[Black "Ragoso, Mario"]
[Result "1/2-1/2"]
[WhiteElo "1536"]
[BlackElo "1604"]
[PlyCount "53"]
[EventDate "2006.11.11"]

1. d4 Nf6 2. c4 e6 3. Nc3 Bb4 4. Qc2 c5 5. a3 Qa5 6. dxc5 Nc6 7. Nf3 Bxc3+ 8.
bxc3 Ne4 9. Bd2 Nxc5 10. e3 O-O 11. Be2 f5 12. O-O e5 13. Rab1 a6 14. a4 d6 15.
Ne1 e4 16. Bc1 Qd8 17. Ba3 Qf6 18. Qd2 Na5 19. Bxc5 dxc5 20. Qd5+ Be6 21. Qxc5
Nc6 22. Rxb7 Rac8 23. Qa3 f4 24. f3 fxe3 25. Nc2 Ne5 26. Nxe3 exf3 27. gxf3 {
...} 1/2-1/2

[Event "XI Weekend C"]
[Site "Gorgonzola ITA"]
[Date "2006.11.19"]
[Round "6"]
[White "Corti, Filippo"]
[Black "Raimondi, Davide"]
[Result "1-0"]
[WhiteElo "1625"]
[BlackElo "1678"]
[PlyCount "125"]
[EventDate "2006.11.11"]

1. Nf3 d5 2. g3 e6 3. Bg2 c5 4. d3 Nc6 5. Nbd2 Nf6 6. O-O Be7 7. e4 O-O 8. Re1
e5 9. exd5 Nb4 10. Nxe5 Nbxd5 11. Ndf3 h6 12. Bd2 Be6 13. Re2 Qc7 14. Qf1 Rad8
15. Rae1 Ng4 16. h3 Nxe5 17. Nxe5 Bf6 18. h4 b6 19. Bh3 Bxh3 20. Qxh3 Qb7 21.
Qg2 Qc8 22. Kh2 Qc7 23. f4 Qc8 24. Qh3 Qc7 25. b3 Qb7 26. Qg2 Qc7 27. Qf3 Qd6
28. Nc4 Qc7 29. Ne5 Qd6 30. a4 a5 31. Nc4 Qc7 32. Ne5 Qd6 33. Kh3 Qc7 34. g4
Qc8 35. Kg3 Bxe5 36. Rxe5 Qd7 37. g5 hxg5 38. hxg5 f6 39. gxf6 Rxf6 40. Qh5 g6
41. Qg5 Rf7 42. Re6 Rg7 43. c4 Nb4 44. R1e3 Nxd3 45. Rxg6 Rxg6 46. Qxg6+ Qg7
47. Qxg7+ Kxg7 48. Bc3+ Kf7 49. f5 Rd6 50. Kf3 Nb4 51. Bxb4 axb4 52. Kf4 Rh6
53. Ke5 Rc6 54. Rd3 Ke7 55. Rh3 Kf7 56. Rh7+ Kg8 57. Rd7 Rc8 58. Rd6 Re8+ 59.
Re6 Rb8 60. Kd5 Rf8 61. f6 Rd8+ 62. Rd6 Re8 63. Rxb6 1-0

[Event "XI Weekend C"]
[Site "Gorgonzola ITA"]
[Date "2006.11.19"]
[Round "6"]
[White "Crippa, Oscar"]
[Black "Squillante, Michele"]
[Result "0-1"]
[WhiteElo "1607"]
[BlackElo "1721"]
[PlyCount "34"]
[EventDate "2006.11.11"]

1. e4 c6 2. Nf3 d5 3. Nc3 Bg4 4. Be2 e6 5. O-O Bd6 6. Re1 Ne7 7. h3 Bh5 8. e5
Bc7 9. d4 O-O 10. Bg5 Qe8 11. Qd2 Nd7 12. g4 Bg6 13. h4 f5 14. h5 fxg4 15. hxg6
gxf3 16. gxh7+ Kh8 17. Bd3 Qh5 0-1

[Event "XI Weekend C"]
[Site "Gorgonzola ITA"]
[Date "2006.11.19"]
[Round "6"]
[White "Delle Fave, Fabio"]
[Black "Megna, Giuseppe"]
[Result "1-0"]
[WhiteElo "1720"]
[BlackElo "1691"]
[PlyCount "97"]
[EventDate "2006.11.11"]

1. e4 e6 2. d4 d5 3. exd5 exd5 4. Bd3 Bd6 5. Be3 Nf6 6. Nf3 O-O 7. h3 b6 8. c3
Re8 9. O-O Bb7 10. Nbd2 Nbd7 11. Qc2 c5 12. dxc5 bxc5 13. Bb5 a6 14. Ba4 h6 15.
Rad1 Rc8 16. Qd3 Bb8 17. b4 Re7 18. Bxd7 Nxd7 19. Qf5 Rc6 20. Qxd5 Qc7 21. Qh5
Rg6 22. Rfe1 Ne5 23. Kf1 cxb4 24. cxb4 Nd3 25. Re2 Rge6 26. a3 Qc2 27. Ra1 Ba7
28. Ne4 Qc7 29. Bxa7 Bxe4 30. Be3 Bxf3 31. Qxf3 Qh2 32. g4 Rf6 33. Qa8+ Kh7 34.
Qg2 Qe5 35. Raa2 Qb5 36. Kg1 Nf4 37. Bxf4 Rxe2 38. Rxe2 Qxe2 39. Be3 Qd3 40.
Bc5 Rf3 41. Be3 Rf6 42. Qf1 Qxa3 43. Qb1+ g6 44. Qe4 Re6 45. Qf4 Qa1+ 46. Kg2
Qg7 47. Bd4 Qf8 48. Be3 Qe7 49. Qxh6+ 1-0

[Event "XI Weekend C"]
[Site "Gorgonzola ITA"]
[Date "2006.11.19"]
[Round "6"]
[White "Delledonne, Francesco"]
[Black "Bruno, Riccardo"]
[Result "1-0"]
[WhiteElo "1586"]
[BlackElo "1586"]
[PlyCount "61"]
[EventDate "2006.11.11"]

1. e4 c5 2. Nf3 Nc6 3. Bb5 g6 4. O-O Bg7 5. c3 e6 6. d4 cxd4 7. cxd4 Nge7 8.
Nc3 d5 9. e5 O-O 10. Bf4 Bd7 11. Qd2 Nf5 12. Rac1 Qb6 13. Rfd1 a6 14. Ba4 Qa7
15. Bc2 Nfe7 16. Bh6 f5 17. Qg5 Rf7 18. Bxg7 Kxg7 19. Ne2 h6 20. Qg3 g5 21. Nf4
Kh7 22. Nh5 Ng8 23. Nxg5+ hxg5 24. Qxg5 Nxd4 25. Rd3 Ne2+ 26. Kf1 Nxc1 27. Rh3
Bb5+ 28. Ke1 Nh6 29. Nf6+ Rxf6 30. exf6 Nd3+ 31. Bxd3 1-0

[Event "XI Weekend C"]
[Site "Gorgonzola ITA"]
[Date "2006.11.19"]
[Round "6"]
[White "Galimberti, Maurizio"]
[Black "Orsucci, Marzio"]
[Result "1-0"]
[WhiteElo "1524"]
[BlackElo "1583"]
[PlyCount "73"]
[EventDate "2006.11.11"]

1. Nf3 d5 2. e4 dxe4 3. Ng5 Nf6 4. Nc3 e6 5. Ngxe4 c5 6. Bb5+ Bd7 7. Qe2 Nc6 8.
Nxf6+ Qxf6 9. Ne4 Qd8 10. c3 a6 11. Ba4 b5 12. Bc2 Be7 13. d3 Ne5 14. Nxc5 Nf3+
15. Qxf3 Bxc5 16. d4 Bd6 17. Bf4 Qf6 18. Bxd6 Qxf3 19. gxf3 Bc6 20. Be4 Kd7 21.
Bg3 f5 22. Bxc6+ Kxc6 23. Be5 Rhg8 24. Ke2 Kd5 25. Kd3 g6 26. b3 Rac8 27. Rac1
Kc6 28. c4 b4 29. Rc2 Kb7 30. Rhc1 Rge8 31. f4 Kb6 32. d5 Rcd8 33. c5+ Ka7 34.
d6 Rb8 35. c6 Rb5 36. Rc5 Rbb8 37. c7 1-0

[Event "XI Weekend C"]
[Site "Gorgonzola ITA"]
[Date "2006.11.19"]
[Round "6"]
[White "Gallo, Carlo"]
[Black "Politi, Marco Augusto"]
[Result "1-0"]
[WhiteElo "1748"]
[BlackElo "1643"]
[PlyCount "73"]
[EventDate "2006.11.11"]

1. c4 c5 2. Nf3 Nf6 3. Nc3 Nc6 4. g3 g6 5. Bg2 Bg7 6. O-O O-O 7. d3 d6 8. Rb1
Rb8 9. a3 a6 10. b4 cxb4 11. axb4 Qd7 12. Bg5 e6 13. b5 axb5 14. Nxb5 Ne7 15.
Qd2 Ne8 16. Bh6 Nf5 17. Bxg7 Kxg7 18. Qc3+ f6 19. Ng5 h6 20. Ne4 Nc7 21. Nd4
Nxd4 22. Qxd4 d5 23. cxd5 Nxd5 24. Nc3 Nxc3 25. Qxc3 b5 26. Rfc1 Qe8 27. Qa5
Bd7 28. Rc7 Rc8 29. Rbc1 Rxc7 30. Rxc7 Rf7 31. d4 Qb8 32. Be4 f5 33. Bd3 b4 34.
Qe5+ Kg8 35. Rxd7 Qxe5 36. Rd8+ Kg7 37. dxe5 1-0

[Event "XI Weekend C"]
[Site "Gorgonzola ITA"]
[Date "2006.11.19"]
[Round "6"]
[White "Idili, Leonardo"]
[Black "Sbernini, Daniele"]
[Result "1/2-1/2"]
[WhiteElo "1710"]
[BlackElo "1596"]
[PlyCount "86"]
[EventDate "2006.11.11"]

1. d4 d5 2. Nf3 Nf6 3. c4 e6 4. cxd5 exd5 5. Nc3 c6 6. Bg5 Be7 7. e3 O-O 8. Bd3
Be6 9. O-O Nbd7 10. h3 Re8 11. Rc1 Nf8 12. Na4 N6d7 13. Bxe7 Qxe7 14. Nc5 Nxc5
15. dxc5 Qf6 16. Nd4 Bd7 17. b4 a6 18. a4 Ne6 19. Qf3 Qxf3 20. Nxf3 g6 21. Ne5
Nf8 22. Nf3 Ne6 23. Rfd1 Nc7 24. Nd4 Kg7 25. Nb3 h5 26. Re1 g5 27. Kh2 f5 28.
Nd4 Kf6 29. f4 g4 30. hxg4 hxg4 31. Kg3 Re7 32. Kf2 Rae8 33. g3 Rh7 34. Rh1
Reh8 35. Rxh7 Rxh7 36. Kg2 Re7 37. Re1 Kg6 38. Nb3 Ne6 39. Rh1 Ng7 40. Kf2 Nh5
41. Rg1 Nf6 42. Nd2 Bc8 43. Rh1 Kg7 1/2-1/2

[Event "XI Weekend C"]
[Site "Gorgonzola ITA"]
[Date "2006.11.19"]
[Round "6"]
[White "Magistroni, Imerio"]
[Black "Epitome, Nando"]
[Result "0-1"]
[WhiteElo "1693"]
[BlackElo "1661"]
[PlyCount "68"]
[EventDate "2006.11.11"]

1. d4 d5 2. c4 e6 3. Nc3 Nf6 4. Nf3 Nbd7 5. Bg5 Be7 6. Qc2 a6 7. e3 O-O 8. cxd5
exd5 9. Bd3 b5 10. Bxf6 Nxf6 11. Ne5 Bb7 12. O-O Rc8 13. Rad1 c5 14. dxc5 Rxc5
15. b4 Rc7 16. Qb3 Qd6 17. f4 Rfc8 18. Ne2 Qxb4 19. Qxb4 Bxb4 20. g4 Bc5 21.
Nd4 h6 22. g5 hxg5 23. fxg5 Ne4 24. h4 Re7 25. Ng4 Nc3 26. Rd2 Rce8 27. Nf6+
gxf6 28. gxf6 Rxe3 29. Rg2+ Kf8 30. Bh7 Rg3 31. Rff2 Rxg2+ 32. Rxg2 Bxd4+ 33.
Kh2 Bxf6 34. h5 Re2 0-1

[Event "XI Weekend C"]
[Site "Gorgonzola ITA"]
[Date "2006.11.19"]
[Round "6"]
[White "Mariucci, Felice"]
[Black "Ferraris, Fulvio"]
[Result "0-1"]
[WhiteElo "1661"]
[BlackElo "1706"]
[PlyCount "25"]
[EventDate "2006.11.11"]

1. Nf3 d5 2. e3 Nf6 3. b3 c5 4. Bb2 e6 5. Bb5+ Bd7 6. Qe2 Be7 7. Ne5 O-O 8.
Nxd7 Nfxd7 9. Qf3 Nb6 10. O-O c4 11. Nc3 Bb4 12. Rfd1 Bxc3 13. Bxc3 {...} 0-1

[Event "XI Weekend C"]
[Site "Gorgonzola ITA"]
[Date "2006.11.19"]
[Round "6"]
[White "Myftaraj, Ylli"]
[Black "Rinaldo, Andrea"]
[Result "0-1"]
[WhiteElo "1524"]
[BlackElo "1748"]
[PlyCount "40"]
[EventDate "2006.11.11"]

1. d4 Nf6 2. c4 g6 3. Nf3 d6 4. Nc3 Bg7 5. g3 O-O 6. Bg2 e6 7. O-O Nbd7 8. Qc2
Qe7 9. Re1 e5 10. d5 Nh5 11. e4 f5 12. Nb5 Nc5 13. Nd2 Qf7 14. Nb3 Nxe4 15.
Bxe4 fxe4 16. Be3 Bg4 17. Qxe4 Bf3 18. Qh4 Qf5 19. Nd2 Bf6 20. g4 Bxg4 0-1

[Event "XI Weekend C"]
[Site "Gorgonzola ITA"]
[Date "2006.11.19"]
[Round "6"]
[White "Paolini, Novello Massimo"]
[Black "Babic, Vladimir"]
[Result "0-1"]
[WhiteElo "1688"]
[BlackElo "1620"]
[PlyCount "90"]
[EventDate "2006.11.11"]

1. d4 d5 2. c4 e6 3. cxd5 exd5 4. Nc3 Nf6 5. Bg5 c6 6. Qc2 Be7 7. e3 Nbd7 8.
Bd3 h6 9. Bh4 O-O 10. Nge2 Re8 11. Rd1 Ne4 12. Bxe7 Qxe7 13. O-O Ndf6 14. Rde1
Bd7 15. f3 Nxc3 16. Nxc3 Qd6 17. Qd2 Re7 18. Bb1 c5 19. a3 Rae8 20. Ba2 Bc6 21.
Bb1 b6 22. Qf2 Kf8 23. Bd3 Qd7 24. Nd1 Ba4 25. Nc3 Bc6 26. b3 a5 27. a4 Qe6 28.
e4 dxe4 29. Bc4 e3 30. Qg3 Qf5 31. dxc5 Qxc5 32. Re2 Bd5 33. Nxd5 Nxd5 34. Rc1
Qd4 35. Qe1 Nf4 36. Rec2 e2+ 37. Kh1 Nd3 38. Bxd3 Qxd3 39. Rc3 Qd1 40. Kg1 Qd4+
41. Kh1 Rd7 42. Rc4 Qd2 43. R4c2 Qxe1+ 44. Rxe1 Rd1 45. Rc1 Rxc1 0-1

[Event "XI Weekend C"]
[Site "Gorgonzola ITA"]
[Date "2006.11.19"]
[Round "6"]
[White "Patrucco, Carlo"]
[Black "Basilico, Davide"]
[Result "1-0"]
[WhiteElo "1700"]
[BlackElo "1605"]
[PlyCount "101"]
[EventDate "2006.11.11"]

1. e4 e5 2. Nf3 Nc6 3. Bb5 a6 4. Ba4 Nf6 5. d3 Bc5 6. c3 O-O 7. Bxc6 dxc6 8.
Nxe5 Re8 9. Nf3 Bg4 10. O-O Bd6 11. Re1 c5 12. Nbd2 Nd7 13. Nc4 Ne5 14. Ncxe5
Bxe5 15. d4 cxd4 16. cxd4 Bxf3 17. gxf3 Bxd4 18. Be3 Bxe3 19. Rxe3 Qg5+ 20. Kh1
Qh4 21. Qg1 Qf6 22. b3 Re5 23. Rd1 Rg5 24. Qf1 c6 25. Red3 h6 26. Qh3 Qe6 27.
Qxe6 fxe6 28. Rd7 Rf8 29. R1d3 Rb5 30. Re7 Rf6 31. Rd8+ Kh7 32. Kg2 Rg5+ 33.
Kf1 Rxf3 34. Rxe6 Rc3 35. Re7 b5 36. Ra7 Rc1+ 37. Ke2 Rc2+ 38. Rd2 Rxd2+ 39.
Kxd2 Rg2 40. Ke3 Rxh2 41. Rxa6 Rh3+ 42. f3 Rh2 43. Rxc6 Rxa2 44. Rb6 b4 45.
Rxb4 h5 46. e5 g5 47. e6 Kg7 48. Re4 Ra3 49. e7 Rxb3+ 50. Kf2 Kf7 51. e8=Q+ 1-0

[Event "XI Weekend C"]
[Site "Gorgonzola ITA"]
[Date "2006.11.19"]
[Round "6"]
[White "Pezzotta, Gianni"]
[Black "Nastasi, Maurizio"]
[Result "1-0"]
[WhiteElo "1504"]
[BlackElo "1553"]
[PlyCount "73"]
[EventDate "2006.11.11"]

1. d4 Nf6 2. Nf3 g6 3. Nbd2 Bg7 4. e4 d6 5. c3 O-O 6. Bd3 c6 7. e5 dxe5 8. Nxe5
Nd5 9. Bc2 c5 10. Ndf3 cxd4 11. cxd4 Qa5+ 12. Bd2 Qb5 13. Bb3 e6 14. Rc1 Nb4
15. Rc4 a5 16. Bxb4 axb4 17. Qc2 Nd7 18. O-O Nxe5 19. Nxe5 Bxe5 20. dxe5 Qxe5
21. Rxb4 Qd6 22. Rc4 Bd7 23. Rd1 Qe7 24. Rc7 Rfd8 25. Rxb7 Qe8 26. Rb4 Rdc8 27.
Qd2 Ba4 28. Bxa4 Rxa4 29. Rxa4 Qxa4 30. b3 Qa6 31. h3 Qa3 32. g3 Ra8 33. Ra1
Rb8 34. Qc3 Kf8 35. Kg2 Qa8+ 36. Kg1 Qd5 37. Qh8+ 1-0

[Event "XI Weekend C"]
[Site "Gorgonzola ITA"]
[Date "2006.11.19"]
[Round "6"]
[White "Ronconi, Fausto"]
[Black "Petetta, Roberto"]
[Result "1/2-1/2"]
[WhiteElo "1730"]
[BlackElo "1652"]
[PlyCount "122"]
[EventDate "2006.11.11"]

1. d4 d5 2. c4 e6 3. Nc3 Nf6 4. Bg5 Nbd7 5. e3 c6 6. Rc1 Be7 7. Nf3 O-O 8. Bd3
dxc4 9. Bxc4 Nd5 10. Bxe7 Qxe7 11. O-O N5b6 12. Bb3 e5 13. dxe5 Nxe5 14. Nxe5
Qxe5 15. Qf3 Be6 16. Bc2 Nc4 17. Ne4 Bd5 18. Qf4 Qxf4 19. exf4 f6 20. Nc5 b6
21. b3 Nd6 22. Nd3 c5 23. Rfd1 Bf7 24. Nxc5 Rac8 25. Bb1 Nb5 26. Ne4 Rxc1 27.
Rxc1 Rd8 28. f3 Kf8 29. Ng3 h6 30. Be4 Nd4 31. Kf1 Ne6 32. Ne2 Nc5 33. Bb1 a5
34. Nc3 Rd4 35. Ne4 Ne6 36. g3 b5 37. Ke2 a4 38. Rd1 Rxd1 39. Kxd1 axb3 40.
axb3 Nd4 41. Nd2 b4 42. Bd3 Ke7 43. Bc4 Bxc4 44. bxc4 Kd6 45. Kc1 Kc5 46. Kb2
f5 47. g4 g6 48. gxf5 gxf5 49. h3 Ne2 50. Nf1 h5 51. h4 Nxf4 52. Ne3 Nd3+ 53.
Kb3 f4 54. Nf5 Ne5 55. Ng7 Nxf3 56. Ne6+ Kc6 57. Kxb4 Nxh4 58. Nxf4 Nf5 59.
Nxh5 Ne3 60. c5 Nd5+ 61. Kc4 Nb6+ 1/2-1/2

[Event "XI Weekend C"]
[Site "Gorgonzola ITA"]
[Date "2006.11.19"]
[Round "6"]
[White "Safira, Anamaria"]
[Black "Rossini, Walter"]
[Result "1/2-1/2"]
[WhiteElo "1689"]
[BlackElo "1514"]
[PlyCount "67"]
[EventDate "2006.11.11"]

1. d4 d5 2. Nf3 Nf6 3. e3 e6 4. Bd3 Be7 5. Nbd2 O-O 6. O-O Nbd7 7. e4 dxe4 8.
Nxe4 Nxe4 9. Bxe4 Nf6 10. Re1 Nxe4 11. Rxe4 b6 12. c3 Bb7 13. Re1 c5 14. Be3
Bf6 15. dxc5 b5 16. Qxd8 Rfxd8 17. Nd4 Bxd4 18. cxd4 Bd5 19. b4 a5 20. a3 a4
21. Rac1 Rac8 22. h3 h6 23. Rc3 Kh7 24. Rec1 Kg8 25. c6 Bc4 26. Rxc4 bxc4 27.
Rxc4 Rd5 28. Bf4 f6 29. c7 Kf7 30. b5 Rxb5 31. Rxa4 e5 32. dxe5 fxe5 33. Be3
Rxc7 34. Ra6 1/2-1/2

[Event "XI Weekend C"]
[Site "Gorgonzola ITA"]
[Date "2006.11.19"]
[Round "6"]
[White "Scarabelli, Maurizio"]
[Black "Gazzetta, Marco"]
[Result "1/2-1/2"]
[WhiteElo "1745"]
[BlackElo "1673"]
[PlyCount "23"]
[EventDate "2006.11.11"]

1. e4 e6 2. d4 d5 3. e5 c5 4. c3 Nc6 5. Nf3 Qb6 6. a3 a5 7. g3 cxd4 8. cxd4 g6
9. Nc3 Nge7 10. Bh3 Bd7 11. O-O Nf5 12. Bxf5 1/2-1/2

[Event "XI Weekend C"]
[Site "Gorgonzola ITA"]
[Date "2006.11.19"]
[Round "6"]
[White "Villa, Maurizio"]
[Black "Loaldi, Davide"]
[Result "1-0"]
[WhiteElo "1530"]
[BlackElo "1524"]
[PlyCount "49"]
[EventDate "2006.11.11"]

1. d4 Nf6 2. c4 e6 3. a3 d5 4. Bg5 dxc4 5. Qa4+ Nc6 6. e3 Be7 7. Nc3 a6 8. Bxc4
Bd7 9. Qc2 Na5 10. Ba2 b5 11. Nf3 b4 12. axb4 Bxb4 13. O-O Bxc3 14. Qxc3 Nc6
15. Rac1 Ne4 16. Qxc6 Nxg5 17. Qxc7 Nxf3+ 18. gxf3 Qe7 19. Qg3 O-O 20. Rfd1 f5
21. d5 Rf6 22. Kh1 exd5 23. Bxd5+ Be6 24. Bxa8 Rg6 25. Qd6 1-0

[Event "XI Weekend D"]
[Site "Gorgonzola ITA"]
[Date "2006.11.11"]
[Round "1"]
[White "Borzani, Luca"]
[Black "Cervini, Ernesto"]
[Result "0-1"]
[WhiteElo "1437"]
[BlackElo "1488"]
[PlyCount "62"]
[EventDate "2006.11.11"]

1. c4 e5 2. Nc3 Nf6 3. Nf3 d6 4. d4 e4 5. Ng5 Bf5 6. Qb3 b6 7. c5 d5 8. Bf4 h6
9. Bxc7 Qxc7 10. Nxd5 Nxd5 11. Qxd5 hxg5 12. cxb6 axb6 13. Qxa8 Bb4+ 14. Kd1
O-O 15. Rc1 Qe7 16. a3 Bd6 17. e3 Be6 18. Bc4 Nd7 19. Qxe4 Nf6 20. Qd3 Ng4 21.
Ke2 Nf6 22. Bxe6 Qxe6 23. Qb5 Qg4+ 24. Kf1 Qh4 25. h3 Ne4 26. Rc2 g4 27. Qd5
Qh7 28. Ke2 Nxf2 29. Kd2 Nxh1 30. Qxd6 Nf2 31. Qd7 Qd3+ 0-1

[Event "XI Weekend D"]
[Site "Gorgonzola ITA"]
[Date "2006.11.11"]
[Round "1"]
[White "Brocca, Lorenzo"]
[Black "Bertoletti, Vincenzo"]
[Result "1/2-1/2"]
[WhiteElo "1415"]
[BlackElo "1463"]
[PlyCount "84"]
[EventDate "2006.11.11"]

1. d4 d5 2. c4 dxc4 3. e4 e5 4. d5 b5 5. Nf3 Qd6 6. a3 Bd7 7. Be2 Be7 8. Nc3
Na6 9. O-O Nf6 10. a4 Nc5 11. Nxb5 Bxb5 12. axb5 Nfxe4 13. Bxc4 O-O 14. b4 Nd7
15. Qc2 Nef6 16. Ra6 Nb6 17. Bb2 Qd7 18. Nxe5 Qc8 19. Nc6 Bd6 20. Rfa1 Nbxd5
21. Bxf6 Nxf6 22. Rxa7 Rxa7 23. Rxa7 Qg4 24. h3 Qf4 25. g3 Qh6 26. Kg2 Nd7 27.
Qa2 Nb6 28. Bb3 Qf6 29. Rb7 Nd7 30. Ra7 g5 31. Ra8 Qf5 32. Rxf8+ Nxf8 33. Nd8
Bxb4 34. Bxf7+ Kg7 35. Qb2+ Qf6 36. Qxf6+ Kxf6 37. Nc6 Bc5 38. Bc4 h6 39. Kf3
Nd7 40. Ke2 Ne5 41. Nxe5 Kxe5 42. f3 Kd4 1/2-1/2

[Event "XI Weekend D"]
[Site "Gorgonzola ITA"]
[Date "2006.11.11"]
[Round "1"]
[White "Da Campo, Giuseppe"]
[Black "De Francisci, Alfredo"]
[Result "1/2-1/2"]
[WhiteElo "1487"]
[BlackElo "1434"]
[PlyCount "51"]
[EventDate "2006.11.11"]

1. d4 d5 2. c4 e6 3. cxd5 exd5 4. Nc3 Nf6 5. Bg5 Be7 6. Qc2 Nbd7 7. e3 c5 8.
Bxf6 Nxf6 9. Bb5+ Bd7 10. Nf3 O-O 11. dxc5 Bxc5 12. Bxd7 Qxd7 13. O-O Rac8 14.
Rfd1 Qe6 15. Ng5 Qe5 16. Rxd5 Qc7 17. Rad1 h6 18. Rd7 Qa5 19. Ne6 fxe6 20. Rxb7
Rfd8 21. Rxd8+ Qxd8 22. Qb3 Bb6 23. Qxe6+ Kh7 24. Qf5+ Kg8 25. Qe6+ Kh7 26.
Qf5+ 1/2-1/2

[Event "XI Weekend D"]
[Site "Gorgonzola ITA"]
[Date "2006.11.11"]
[Round "1"]
[White "Galli, Giuliano"]
[Black "Mazzarelli, Sergio"]
[Result "1-0"]
[WhiteElo "1412"]
[BlackElo "1452"]
[PlyCount "107"]
[EventDate "2006.11.11"]

1. e4 c6 2. d4 d5 3. Nc3 dxe4 4. Nxe4 Bf5 5. Ng3 Bg6 6. Nf3 Nd7 7. h4 h6 8. h5
Bh7 9. Bd3 Bxd3 10. Qxd3 Ngf6 11. Be3 e6 12. O-O-O Qb6 13. Ne5 Nd5 14. Nxd7
Kxd7 15. Ne4 Rd8 16. Qc4 Kc8 17. a3 f5 18. Nc5 Re8 19. Rd3 Qc7 20. Rb3 b5 21.
Qf1 e5 22. dxe5 Nxe3 23. fxe3 Bxc5 24. Qxf5+ Kb7 25. e6 Bb6 26. Rd1 Rd8 27. Rd7
Rxd7 28. exd7 Rd8 29. Rd3 Qg3 30. Kb1 Qe1+ 31. Ka2 Bxe3 32. Qe6 Bf2 33. Qf7 Bh4
34. Qxg7 Qe6+ 35. Kb1 Kc7 36. Qd4 Qe1+ 37. Ka2 Qf2 38. Qd6+ Kb7 39. Qxh6 Qf7+
40. Kb1 Qf1+ 41. Ka2 Qxg2 42. Qe6 Qg8 43. Qb3 Qxb3+ 44. Kxb3 Kc7 45. h6 Rh8 46.
Rf3 Kxd7 47. Rf7+ Be7 48. h7 Ke8 49. Rg7 c5 50. Rg8+ Kf7 51. Rxh8 c4+ 52. Ka2
Kg7 53. Re8 Bf8 54. Rxf8 1-0

[Event "XI Weekend D"]
[Site "Gorgonzola ITA"]
[Date "2006.11.11"]
[Round "1"]
[White "Montagner, Enzo"]
[Black "Spano', Pietro"]
[Result "1/2-1/2"]
[WhiteElo "1459"]
[BlackElo "1413"]
[PlyCount "48"]
[EventDate "2006.11.11"]

1. d4 g6 2. d5 Nf6 3. c4 d6 4. Nc3 Bg7 5. e4 O-O 6. h3 Re8 7. Bd3 e6 8. Nge2 c6
9. O-O exd5 10. cxd5 Nbd7 11. Ng3 Nc5 12. Bc2 h6 13. Rb1 cxd5 14. exd5 b6 15.
b4 Ncd7 16. Nge4 Nxe4 17. Nxe4 Nf6 18. Re1 Bf5 19. Nxf6+ Qxf6 20. Bb2 Rxe1+ 21.
Qxe1 Qg5 22. Bxf5 Qxf5 23. Bxg7 Kxg7 24. Qc3+ Qf6 1/2-1/2

[Event "XI Weekend D"]
[Site "Gorgonzola ITA"]
[Date "2006.11.11"]
[Round "1"]
[White "Paravella, Alberto"]
[Black "Tedoldi, Guido"]
[Result "1-0"]
[WhiteElo "1470"]
[BlackElo "1431"]
[PlyCount "59"]
[EventDate "2006.11.11"]

1. e4 c5 2. d4 cxd4 3. c3 dxc3 4. Nxc3 e5 5. Nf3 Nc6 6. Bb5 d6 7. O-O Nf6 8.
Qe2 Bg4 9. Rd1 Be7 10. Be3 O-O 11. Rac1 a6 12. Ba4 Rc8 13. Nd5 Nxe4 14. Bb6 Qd7
15. Qxe4 Bf5 16. Nxe7+ Nxe7 17. Bxd7 Rxc1 18. Bxf5 Rxd1+ 19. Ne1 Nxf5 20. Kf1
Ne7 21. Qxb7 Nf5 22. Qxa6 d5 23. Qe2 Rc1 24. Qxe5 Nh6 25. Qxd5 Ng4 26. h3 Re8
27. Be3 Nxe3+ 28. fxe3 h6 29. a4 Rxe3 30. Qd2 1-0